| 000 | 00603nam a22001937a 4500 | ||
|---|---|---|---|
| 005 | 20140425122035.0 | ||
| 010 | _aB-529248-255 | ||
| 020 |
_a9780143420347 _c599.00 |
||
| 035 | _aB-529248-255 | ||
| 037 |
_adpl _bUBH/Ven |
||
| 082 | _aS | ||
| 100 | _aRay, Satyajit | ||
| 245 |
_aClassic Feluda 1/ _cby Satyajit Ray |
||
| 260 |
_aNew Delhi _bPenguin Books _c2013 |
||
| 270 |
_a11, Community Centre, Panchsheel Park, _bNew Delhi _e110017 |
||
| 300 |
_av.1 (785p.) _c21cm(pbk) |
||
| 942 |
_2ddc _cEN _hS _mRAY |
||
| 999 |
_c83790 _d83790 |
||